Digital Gold

Gespeichert in:
Bibliographische Detailangaben
1. Verfasser: Nathaniel Popper
Format: Buch
Veröffentlicht: Harper
Schlagworte:
Tags: Tag hinzufügen
Keine Tags, Fügen Sie das erste Tag hinzu!

MARC

LEADER 00000nam a2200000Ia 4500
005 20260427112700.0
526 |b FinTech 
100 |a Nathaniel Popper 
020 |a 9780062362506 
650 |a Crypto 
526 |a Masters 
942 |c BK 
245 |a Digital Gold 
260 |b Harper  
999 |c 57  |d 57 
952 |0 0  |1 0  |4 0  |7 0  |8 3  |a BRISTOL  |b BRISTOL  |d 2026-04-22  |l 0  |p 000100  |r 2026-04-27 11:27:01  |w 2026-04-27  |y BK